| 000 | 00537nam a22001577a 4500 | ||
|---|---|---|---|
| 003 | OSt | ||
| 005 | 20220405085610.0 | ||
| 008 | 220405b |||||||| |||| 00| 0 eng d | ||
| 020 | _a1853392502 | ||
| 040 | _cHU | ||
| 082 | _a338.1 | ||
| 245 |
_aBeyond farmer first _brural people's knowledge, agricultural research and extension practice _cEdited by lan Scoones and John Thompson with a Foreword by Robert Chambers |
||
| 260 |
_aLONDON _bINTERMEDIATE TECHNOLOGY PUBLICATIONS _c2000 |
||
| 300 |
_aXvi,302 p _bpc _c24 |
||
| 942 |
_2ddc _cBOOKS _n0 |
||
| 999 |
_c34309 _d34309 |
||